Guess the Arctic Monkeys song without hints (3) - Statistics

General Stats
  • This quiz has been taken 193 times
  • The average score is 135 of 260
Answer Stats
Lyrics % Correct
I
98%
a
93%
You
93%
you
93%
the
89%
The
89%
he
77%
when
77%
An
76%
be
76%
she
76%
your
75%
No
73%
me
71%
go
70%
to
70%
To
70%
and
68%
And
68%
it
66%
It
66%
where
66%
Where
66%
in
64%
love
63%
you're
63%
can
60%
was
60%
that
59%
They
58%
they
58%
not
57%
one
56%
there
56%
Is
54%
of
54%
but
52%
But
52%
Her
52%
her
52%
know
52%
look
51%
can't
50%
for
50%
she's
50%
has
49%
why
49%
have
48%
too
48%
want
48%
what
47%
Does
46%
like
46%
should
46%
gone
45%
Just
45%
just
45%
get
44%
It's
44%
by
43%
down
43%
as
42%
find
42%
now
42%
him
40%
Lady
40%
looking
40%
mean
40%
anywhere
38%
from
38%
He's
38%
there's
38%
always
36%
around
36%
doing
36%
Everybody's
36%
everybody's
36%
Let's
36%
Oh
36%
Well
36%
some
34%
thing
34%
thinks
34%
you'll
34%
twenty-four
33%
up
33%
won't
33%
low
32%
nothing
32%
Or
32%
told
32%
found
31%
after
30%
game
30%
hand
30%
How
30%
change
29%
Loads
29%
more
29%
nowhere
29%
antiseptic
28%
chance
28%
first
28%
hold
28%
yesterday
28%
eyes
26%
lost
26%
once
26%
short
26%
sore
26%
That's
26%
that's
26%
turmoil
26%
went
26%
demand
25%
Long
25%
puzzled
25%
realize
25%
Realize
25%
offer
24%
dirty
21%
goal
21%
Must
21%
saying
21%
soul
21%
ache
20%
longs
19%
cut
17%
cos
11%
No matching quizzes found
Score Distribution
Percent of People with Each Score
Percentile by Number Answered
Your Score History
You have not taken this quiz